Paroles - Nekfeu - Rêve d'avoir des rêves - Statistiques

Statistiques générales
  • Ce quiz a été pris 117 fois
    87 depuis la dernière actualisation
  • Le résultat moyen est 407 sur 678
Statistiques - réponses
Paroles % Correct
de
100%
Dès
98%
des
98%
Des
98%
le
98%
que
98%
a
96%
à
96%
A
96%
est
96%
se
96%
tu
96%
Tu
96%
m'a
94%
M'a
94%
Ma
94%
ma
94%
rêve
94%
te
94%
t'es
94%
tes
94%
les
93%
Les
93%
me
93%
Ou
93%
ou
93%
93%
et
91%
Et
91%
La
91%
la
91%
rêves
91%
rêves,
91%
rêves ?
91%
d'avoir
89%
déjà
89%
Est-ce
89%
est-ce
89%
qui
87%
senti
87%
qu'à
85%
qu'a
85%
avec
83%
ça
83%
je
83%
Je
83%
persuader ?
83%
un
83%
ces
81%
mais
81%
Mais
81%
Quand
81%
quand
81%
vivre
81%
faire
80%
j'ai
80%
J'ai
80%
Ne
80%
ne
80%
par
80%
sans
80%
Sans
80%
t'essayes
80%
en
78%
grand,
78%
vie,
78%
y
78%
C'est
76%
c'est
76%
pour
76%
Pour
76%
si
76%
Si
76%
ciel ?
74%
il
74%
limite
74%
même
74%
Même
74%
vu
74%
dans
72%
vois
72%
crois
70%
dit
70%
dit :
70%
grandi
70%
On
70%
on
70%
va
70%
ai
69%
rien,
69%
pas
69%
personne
69%
"rien
69%
rien,
69%
rien
69%
scientifiques
69%
son
69%
soigner
67%
sou
67%
Toi
67%
toi
67%
toujours
67%
tous
67%
grandir
65%
ils
65%
Ils
65%
réveil
65%
schémas
65%
tout
65%
centimètre
63%
débat
63%
ici
63%
J'aime
63%
j'en
63%
naître
63%
ténèbres
63%
au
61%
Celle
61%
comme
61%
m'en
61%
plus
61%
sert
61%
triste
61%
grands
59%
J'aimerais
59%
plongeant
59%
sont
59%
mal
57%
mon
57%
rend
57%
du
56%
fait
56%
jour
56%
lu
56%
Mes
56%
mes
56%
part
56%
peu
56%
pourquoi
56%
signes
56%
chose
54%
commence
54%
commencé
54%
eu
54%
toutes
54%
vas
54%
j'aperçois
52%
l'adolescence,
52%
Oui
52%
oui,
52%
apprendre,
50%
coups
50%
disent-ils
50%
fenêtres
50%
projets
50%
P't-être
50%
qu'on
50%
Satan
50%
seras
50%
verras
50%
dissipe,
48%
entre
48%
rêvais
48%
sur
48%
t'y
48%
une
48%
crus
46%
décider
46%
désunis
46%
distille
46%
espaces
46%
Expliquez-moi
46%
j'étais
46%
j'suis
46%
livres,
46%
n'as
46%
nos
46%
parle
46%
quel
46%
renaitre
46%
ses
46%
Aimerais-tu
44%
as-tu
44%
bons
44%
cadran
44%
disaient
44%
fil
44%
mettre"
44%
moi
44%
rangs
44%
Seul
44%
seul
44%
ton
44%
voter
44%
bâtiment
43%
carpe
43%
combats
43%
d'esclaves ?
43%
diem,
43%
étaient
43%
frontière
43%
idées
43%
l'école
43%
professeurs
43%
pu
43%
tempérer
43%
4ème ?
41%
Alors
41%
avais
41%
belles ?
41%
came,
41%
crains
41%
déserter
41%
Dis-moi,
41%
gamin
41%
j'anticipe,
41%
luttes
41%
main
41%
passants
41%
perd
41%
souvent,
41%
vit
41%
zones
41%
ceux
39%
Ceux
39%
cyclique
39%
d'avenir
39%
défaites
39%
diront
39%
dompter ?
39%
espoir
39%
étroite
39%
flottement
39%
fous,
39%
joie
39%
naïf
39%
perpétuel
39%
puis
39%
trier
39%
bonté
37%
dire
37%
faut
37%
flou,
37%
insipides,
37%
lois
37%
moyen
37%
pourtant
37%
sous
37%
canap'
35%
coudières
35%
Cousin,
35%
d'aventures,
35%
fiers,
35%
frère
35%
heureux
35%
joies
35%
malchances
35%
mène
35%
petit,
35%
quadrillées
35%
shit
35%
subits
35%
vite
35%
avance
33%
chibre
33%
nous
33%
parents
33%
première
33%
recousues
33%
sens
33%
sentier
33%
t'enterrer
33%
titane
33%
tranquille,
33%
beauté
31%
blancs,
31%
clan
31%
faudra
31%
frérots
31%
importe
31%
mirage,
31%
qu'un
31%
rendre
31%
brigades
30%
calme
30%
caméras,
30%
chorégraphiés
30%
fais
30%
hier
30%
j'me
30%
matraques
30%
moyens
30%
n'est
30%
raisons
30%
rouste,
30%
sentinelles
30%
uniques,
30%
veux
30%
anti-tag
28%
filent
28%
garder
28%
graph'
28%
Leur
28%
leur
28%
l'important
28%
maudis
28%
plusieurs
28%
pris
28%
réseau
28%
Sensible
28%
s'noyer
28%
Trou
28%
voyage,
28%
bien."
26%
checks
26%
Ecoute,
26%
être
26%
J'fais
26%
l'flacon
26%
liberté
26%
ment
26%
mis
26%
mort
26%
petits
26%
privé
26%
sang
26%
besoin
24%
cause
24%
cris
24%
destination,
24%
d'parc
24%
ferroviaire
24%
floqués,
24%
j'lâcherais
24%
maillots
24%
m'flanquer
24%
ont
24%
plein
24%
poche
24%
rackettent
24%
résonnent
24%
celui
22%
c'était
22%
Combien
22%
corps
22%
j'rentrais
22%
miens
22%
vide,
22%
encore
20%
n'aurai
20%
partage
20%
qu'il
20%
trouve
20%
accompagner
19%
ait
19%
Certains
19%
chiffres
19%
d'mémoire
19%
graffer
19%
sortes
19%
Trop
19%
capitonnée ?
17%
cellule
17%
donner
17%
d'se
17%
finissent
17%
grandes
17%
J'rêve
17%
laver
17%
moi-même
17%
notion
17%
potes
17%
rester
17%
titubent
17%
villes
17%
choix
15%
flocons
15%
fui
15%
Graver
15%
l'çon-cale
15%
neige
15%
n'ont
15%
Parfois,
15%
stock
15%
câbles,
13%
d'la
13%
emporté
13%
maille
13%
paquetages,
13%
pètent
13%
d'mes
11%
d'un
11%
fois
11%
groover
11%
stop
11%
suffit
11%
changer
9%
claques
9%
"Fais-le
9%
fond
9%
fuir
9%
hommes
9%
peux
9%
meilleur
7%
vagabonder,
7%
Maintenant,
6%
maussade
6%
pages,
6%
sérum
6%
dormir
4%
enfouis
4%
J't'avoue,
4%
rejoindre
4%
sable,
4%
j'écris
2%
pieds
2%
sac
2%
sages
2%
sqe-d
2%
vision
2%
Aucun quiz correspondant
Distribution des résultats
% des personnes avec chaque résultat
Percentile par nombre de réponses
Votre historique - résultats
Vous n’avez pas pris ce quiz depuis la dernière actualisation